Every Song by Florida Georgia Line - Statistics

General Stats
  • This quiz has been taken 16 times
  • The average score is 28 of 84
Answer Stats
Album Song % Correct
Here's to the Good Times(2012) Cruise
100%
Here's to the Good Times… This is How We Roll(2013) This is How We Roll
100%
Anything Goes(2014) Anything Goes
90%
Dig Your Roots(2016) May We All
90%
Dig Your Roots(2016) H.O.L.Y.
80%
Dig Your Roots(2016) Lifer
80%
Life Rolls On(2021) Life Rolls On
80%
Dig Your Roots(2016) Dig Your Roots
70%
Anything Goes(2014) Dirt
70%
Here's to the Good Times(2012) Here's to the Good Times
70%
Life Rolls On(2021) I Love My Country
70%
Here's to the Good Times(2012) Round Here
70%
Anything Goes(2014) Sippin' on Fire
70%
Can't Say I Ain't Country(2019) Colorado
60%
Here's to the Good Times(2012) Get Your Shine On
60%
Can't Say I Ain't Country(2019) Simple
60%
Anything Goes(2014) Sun Daze
60%
Can't Say I Ain't Country(2019) Can't Say I Ain't Country
50%
Life Rolls On(2021) Long Live
50%
Here's to the Good Times(2012) Stay
50%
Life Rolls On(2021) Beer:30
40%
Anything Goes(2014) Confession
40%
Dig Your Roots(2016) Island
40%
Here's to the Good Times(2012) It'z Just What We Do
40%
Anything Goes(2014) Smoke
40%
Can't Say I Ain't Country(2019) Blessings
30%
Can't Say I Ain't Country(2019) Can't Hide Red
30%
Life Rolls On(2021) Countryside
30%
Anything Goes(2014) Good Good
30%
Dig Your Roots(2016) Grow Old
30%
Dig Your Roots(2016) Life is a Honeymoon
30%
Anything Goes(2014) Smile
30%
Dig Your Roots(2016) Smooth
30%
Dig Your Roots(2016) Summerland
30%
Can't Say I Ain't Country(2019) Swerve
30%
Can't Say I Ain't Country(2019) Talk You Out of It
30%
Here's to the Good Times(2012) Tip It Back
30%
Life Rolls On(2021) U.S. Stronger
30%
Can't Say I Ain't Country(2019) Y'all Boys
30%
Life Rolls On(2021) Ain't Worried Bout It
20%
Can't Say I Ain't Country(2019) All Gas No Brakes
20%
Life Rolls On(2021) Always Gonna Love You
20%
Anything Goes(2014) Bumpin' the Night
20%
Can't Say I Ain't Country(2019) Catfish Nuggets
20%
Anything Goes(2014) Every Night
20%
Life Rolls On(2021) Eyes Closed
20%
Dig Your Roots(2016) God, Your Mama, and Me
20%
Dig Your Roots(2016) Good Girl, Bad Boy
20%
Life Rolls On(2021) Good to Me
20%
Life Rolls On(2021) Hard to Get to Heaven
20%
Here's to the Good Times… This is How We Roll(2013) Headphones
20%
Dig Your Roots(2016) Heatwave
20%
Here's to the Good Times(2012) Hell Raisin' Heat of the Summer
20%
Life Rolls On(2021) Interlude
20%
Life Rolls On(2021) Life Looks Good
20%
Anything Goes(2014) Like You Ain't Even Gone
20%
Can't Say I Ain't Country(2019) Like You Never Had It
20%
Life Rolls On(2021) Long Time Comin'
20%
Dig Your Roots(2016) Music is Healing
20%
Life Rolls On(2021) New Truck
20%
Here's to the Good Times(2012) Party People
20%
Can't Say I Ain't Country(2019) People are Different
20%
Can't Say I Ain't Country(2019) Sack'a Puppies
20%
Life Rolls On(2021) Second Guessing
20%
Can't Say I Ain't Country(2019) Sittin' Pretty
20%
Can't Say I Ain't Country(2019) Small Town
20%
Can't Say I Ain't Country(2019) Speed of Love
20%
Can't Say I Ain't Country(2019) Told You
20%
Can't Say I Ain't Country(2019) Tyler Got Him a Tesla
20%
Dig Your Roots(2016) While He's Still Around
20%
Can't Say I Ain't Country(2019) Women
20%
Anything Goes(2014) Angel
10%
Here's to the Good Times(2012) Dayum, Baby
10%
Non-Album(2020) Lit This Year
10%
Here's to the Good Times… This is How We Roll(2013) People Back Home
10%
Here's to the Good Times(2012) Tell Me How You Like It
10%
Here's to the Good Times(Bonus)(2012) What are You Drinking About
10%
Dig Your Roots(2016) Wish You Were on It
10%
Here's to the Good Times(Bonus)(2012) Country in My Soul
0%
Anything Goes(Bonus)(2014) Dance for Me
0%
Anything Goes(Bonus)(2014) Girl on the Radio
0%
Here's to the Good Times… This is How We Roll(2013) Hands on You
0%
Here's to the Good Times… This is How We Roll(2013) Take It Out on Me
0%
Anything Goes(Bonus)(2014) That's What's Up
0%
No matching quizzes found
Score Distribution
Percent of People with Each Score
Percentile by Number Answered
Your Score History
You have not taken this quiz